000 00603nam a2200145 a 4500
008 101213s2010 ||||||||||||||||| || u
050 _aCBU-EXT(02)
100 _aSanyikosa, Alexis
245 1 0 _aLibrary and information studies practical report
_cSubmitted by Sanyikosa, Alexis
260 _aKitwe
_bCopperbelt University Library
_c2010
350 _a0.00
650 _aLIBRARY AND INFORMATION STUDIES REPORT
650 _aINFORMATION
995 _D0.00
_FCBU-MAIN LIBRARY (Kitwe)
_H1
_I0.00
_M1
_UAVAILABLE
_WDec 13, 2010
_ZInternational Publications
999 _c49202
_d49202